000 01254nam0a22002771 4500
001 rc\3474775
005 20130115140012.3
021 _aRU
_b[73-53907]
035 _a(NLR Aleph) 007641784
090 _a6133690
_c6133690
100 _a20130115d1973 |||y0rusy50 ca
101 0 _arus
102 _aRU
105 _aa z |||||
200 1 _aНаставление по производству топографо-геодезических и аэрогеодезических работ при изысканиях новых железных дорог
_fПод ред. С.А. Бутлера
_gМ-во трансп. стр-ва. Всесоюз. науч.-исслед. ин-т трансп. стр-ва "ЦНИИС"
210 _aМосква
_cБ. и.
_d1973
215 _a400 с., 2 л. табл.
_cил.
_d17
320 _aСписок лит.: с. 395-396 (21 назв.)
606 _aЖелезнодорожные изыскания
_2psbo
702 1 _aБутлер
_bС. А.
_4340
712 0 2 _aВсесоюзный науч.-исслед. ин-т транспортного строительства
_3RU\NLR\AUTH\889964710
801 0 _aRU
_bNLR
_gpsbo
801 1 _aRU
_bELAR
_2rusmarc
852 _aNLR
_j73-2/1361
942 _cBOOK
980 _aNB